Państwa Afryki według dwóch pierwszych liter - 25 sekund - Statystyki

Ogólne statystyki
  • Ten quiz został rozwiązany 292 razy
  • Średni wynik to 24 z 54
Odpowiedzi na mapie
Odpowiedzi zakodowano w zielono-czerwonej skali na mapie do tego quizu, zgodnie z poniższymi procentami.
 
Statystyki odpowiedzi
Kraj % Poprawnych
Madagaskar
88%
Malawi
88%
Mali
88%
Maroko
88%
Mauretania
88%
Mauritius
88%
Egipt
83%
Algieria
80%
Republika Południowej Afryki
74%
Kongo
72%
Liberia
72%
Libia
72%
Eswatini
63%
Republika Środkowoafrykańska
55%
Niger
53%
Nigeria
53%
Sudan
53%
Sudan Południowy
53%
Demokratyczna Republika Konga
52%
Etiopia
52%
Republika Zielonego Przylądka
52%
Tunezja
52%
Komory
51%
Czad
48%
Somalia
44%
Angola
41%
Senegal
37%
Seszele
37%
Erytrea
34%
Gwinea
34%
Gwinea Bissau
34%
Gwinea Równikowa
34%
Kenia
34%
Mozambik
33%
Gabon
31%
Gambia
31%
Zambia
30%
Namibia
29%
Tanzania
29%
Kamerun
28%
Ghana
26%
Wybrzeże Kości Słoniowej
26%
Zimbabwe
25%
Wyspy Świętego Tomasza i Książeca
24%
Botswana
23%
Dżibuti
22%
Lesotho
22%
Togo
21%
Benin
20%
Burkina Faso
20%
Burundi
20%
Uganda
16%
Rwanda
15%
Sierra Leone
13%
Nie znaleziono quizów pasujących do podanych kryteriów
Rozkład punktacji
Procent ludzi z każdym wynikiem
Percentyl według liczby udzielonych odpowiedzi
Twoja historia wyników
Nie rozwiązałeś tego quizu